Black Adam - Portrayals by Picture - Statistics

General Stats
  • This quiz has been taken 5 times
  • The average score is 2 of 9
Answer Stats
Picture Answer % Correct
Dwayne Johnson
100%
Dwayne Johnson
75%
John DiMaggio
25%
Alexander Brandon
0%
Arnold Vosloo
0%
Gary Cole
0%
Imari Williams / Fred Tatasciore
0%
Joey Naber
0%
Lou Scheimer
0%
No matching quizzes found
Score Distribution
Percent of People with Each Score
Percentile by Number Answered
Your Score History
You have not taken this quiz